स्व-त्व भारतीय विकासाचे उद्यमशीलता उद्योग आणि तंत्रज्ञानाचे (Record no. 370679)
[ view plain ]
| 000 -LEADER | |
|---|---|
| fixed length control field | 00592nam a2200169 4500 |
| 005 - DATE AND TIME OF LATEST TRANSACTION | |
| control field | 20260310163408.0 |
| 008 - FIXED-LENGTH DATA ELEMENTS--GENERAL INFORMATION | |
| fixed length control field | 260310b |||||||| |||| 00| 0 eng d |
| 020 ## - INTERNATIONAL STANDARD BOOK NUMBER | |
| International Standard Book Number | 978-93-91558-55-0 |
| 041 ## - LANGUAGE CODE | |
| Language code of text/sound track or separate title | Marathi |
| 082 ## - DEWEY DECIMAL CLASSIFICATION NUMBER | |
| Classification number | X 891 JOS B12317 |
| 100 ## - MAIN ENTRY--PERSONAL NAME | |
| Author | जोशी, विवेक |
| 245 ## - TITLE STATEMENT | |
| Title | स्व-त्व भारतीय विकासाचे उद्यमशीलता उद्योग आणि तंत्रज्ञानाचे |
| 260 ## - PUBLICATION, DISTRIBUTION, ETC. | |
| Place of publication, distribution, etc. | Pune |
| Name of publisher, distributor, etc. | Bharatiya Vichar Sadhana |
| Date of publication, distribution, etc. | 2022 |
| 300 ## - PHYSICAL DESCRIPTION | |
| Extent | 68p |
| Other physical details | Pb |
| 365 ## - TRADE PRICE | |
| Price type code | Rupaye |
| Price amount | 75 |
| Currency code | INR |
| 942 ## - ADDED ENTRY ELEMENTS (KOHA) | |
| Koha item type | Books |
No items available.